| Tag |
First Indicator |
Second Indicator |
Subfields |
| LEADER |
00000pam a2200000 a 4500 |
| 001 |
in00000080316 |
| 005 |
20151008060923.0 |
| 008 |
801118m19809999nyua b 00110 engm |
| 010 |
|
|
|a 80039580
|z 75182650
|
| 020 |
|
|
|a 0125850506
|
| 020 |
|
|
|a 9780125850506
|
| 035 |
|
|
|a (OCoLC)07143356
|
| 035 |
|
|
|9 AAJ6892AM
|
| 040 |
|
|
|a DLC
|c DLC
|d m.c.
|d TXA
|d UtOrBLW
|
| 049 |
|
|
|a TXAM
|v 1 [1673102]
|
| 050 |
0 |
0 |
|a QC20.7.F84
|b R43 1980
|
| 082 |
0 |
|
|a 530.1/5
|2 19
|
| 100 |
1 |
|
|a Reed, Michael.
|
| 245 |
1 |
0 |
|a Methods of modern mathematical physics /
|c Michael Reed, Barry Simon.
|
| 250 |
|
|
|a Rev. and enl. ed.
|
| 264 |
|
1 |
|a New York :
|b Academic Press,
|c [1980-]<1>
|
| 264 |
|
4 |
|c ©1980-
|
| 300 |
|
|
|a volumes <1> :
|b illustrations ;
|c 24 cm.
|
| 336 |
|
|
|a text
|b txt
|2 rdacontent
|
| 337 |
|
|
|a unmediated
|b n
|2 rdamedia
|
| 338 |
|
|
|a volume
|b nc
|2 rdacarrier
|
| 504 |
|
|
|a Includes bibliographical references and indexes.
|
| 505 |
1 |
|
|a v. 1. Functional analysis.
|
| 650 |
|
0 |
|a Functional analysis.
|
| 650 |
|
0 |
|a Mathematical physics.
|
| 700 |
1 |
|
|a Simon, Barry,
|d 1946-
|
| 945 |
|
|
|a PromptCat
|
| 946 |
|
|
|a qatar
|
| 947 |
|
|
|a Q14800165027
|b v.1
|c shipped to library (03/15/2007)
|
| 949 |
|
|
|a updated-AC: Qatar
|b h
|c 2007/3/21
|e rrojas
|
| 999 |
|
|
|a MARS
|
| 999 |
f |
f |
|s d46a0217-ef82-30b2-9c5a-879c0a1cf5c2
|i d0165f61-0f88-30bb-8693-458765d0fcdb
|t 0
|
| 952 |
f |
f |
|p normal
|a Texas A&M University
|b College Station
|c Sterling C. Evans Library
|d Evans: Library Stacks
|t 0
|e QC20.7.F84 R43 1980
|h Library of Congress classification
|i unmediated -- volume
|k v.1
|m A14806207259
|
| 998 |
f |
f |
|a QC20.7.F84 R43 1980
|s v1
|t 0
|l Evans: Library Stacks
|